| 000 | 00331nam a2200133Ia 4500 | ||
|---|---|---|---|
| 005 | 20251222141954.0 | ||
| 008 | 251222s9999||||xx |||||||||||||| ||spa|| | ||
| 020 | _a970-15-0543-3 | ||
| 082 | _a658.404/D88 | ||
| 100 | _aDomingo Ajenjo, Alberto | ||
| 245 | 0 | _aDirección y Gestión de Proyectos: | |
| 264 | _bAlfaomega | ||
| 942 | _cLIB | ||
| 999 |
_c9801 _d9801 |
||